000
00274nam a2200133Ia 4500
100
_a
Basandra S.K.
942
_c
BK
654
_a
computers
245
_a
Computers Today
260
_b
Galgotia
_a
New Delhi
_c
1995
082
_a
4
_b
APAN
300
_a
648
546
_a
ENGLISH
999
_c
28518
_d
28518